<?xml version="1.0" encoding="UTF-8"?><?xml-stylesheet type="text/xsl" href="static/style.xsl"?><OAI-PMH xmlns="http://www.openarchives.org/OAI/2.0/" xmlns:xsi="http://www.w3.org/2001/XMLSchema-instance" xsi:schemaLocation="http://www.openarchives.org/OAI/2.0/ http://www.openarchives.org/OAI/2.0/OAI-PMH.xsd"><responseDate>2026-04-13T07:01:35Z</responseDate><request verb="GetRecord" identifier="oai:www.recercat.cat:2117/349022" metadataPrefix="marc">https://recercat.cat/oai/request</request><GetRecord><record><header><identifier>oai:recercat.cat:2117/349022</identifier><datestamp>2026-01-30T08:11:15Z</datestamp><setSpec>com_2072_1033</setSpec><setSpec>col_2072_452950</setSpec></header><metadata><record xmlns="http://www.loc.gov/MARC21/slim" xmlns:dcterms="http://purl.org/dc/terms/" xmlns:xsi="http://www.w3.org/2001/XMLSchema-instance" xmlns:doc="http://www.lyncode.com/xoai" xsi:schemaLocation="http://www.loc.gov/MARC21/slim http://www.loc.gov/standards/marcxml/schema/MARC21slim.xsd">
   <leader>00925njm 22002777a 4500</leader>
   <datafield ind2=" " ind1=" " tag="042">
      <subfield code="a">dc</subfield>
   </datafield>
   <datafield ind2=" " ind1=" " tag="720">
      <subfield code="a">Inostroza González, Cristian</subfield>
      <subfield code="e">author</subfield>
   </datafield>
   <datafield ind2=" " ind1=" " tag="720">
      <subfield code="a">Solimeno, Alessandro</subfield>
      <subfield code="e">author</subfield>
   </datafield>
   <datafield ind2=" " ind1=" " tag="720">
      <subfield code="a">García Serrano, Joan</subfield>
      <subfield code="e">author</subfield>
   </datafield>
   <datafield ind2=" " ind1=" " tag="720">
      <subfield code="a">Fernández Sevilla, José M.</subfield>
      <subfield code="e">author</subfield>
   </datafield>
   <datafield ind2=" " ind1=" " tag="720">
      <subfield code="a">Acién Fernández, Francisco Gabriel</subfield>
      <subfield code="e">author</subfield>
   </datafield>
   <datafield ind2=" " ind1=" " tag="260">
      <subfield code="c">2021-04</subfield>
   </datafield>
   <datafield ind2=" " ind1=" " tag="520">
      <subfield code="a">In this work, the design and hydrodynamic of a 500 m2 raceway bioreactor were optimized using Computational Fluid Dynamics (CFD). First, the influence of the bend type (traditional, isle partition and baffle partition) and the liquid velocity was studied, after that the dynamic behavior of the optimal configuration was analyzed. A monophasic analysis employing the Finite Element Method (FEM) with COMSOL Multiphysics™ allows to confirm that the utilization of deflectors in the baffle partition bend type provide the best performance in terms of fluid velocity, reduction of dead zones, shorter residence time and a suitable cell Reynolds number. A multiphasic analysis using the Finite Volume Method (FVM) with ANSYS Fluent was performed to complete the analysis, it considering the geometry and rotation speed of the paddlewheel. Different angular velocities from 14 to 20 rpm were studied. Results shows that at 18 rpm average liquid velocity of 0.38 m·s-1 were achieved and stabilized at 240 s, the pressure drop in the overall system stabilizes at 700 Pa at 330 s, power consumption in the rage of 30 W·m-3, a maximum turbulence intensity of 0.4 and vorticity greater than 9 s-1 in areas adjacent to the paddlewheel being determined. In addition, it was determined that more than 14% of the total volume is useful for mass transfer with the atmosphere as well as to water loss by evaporation. This study provides a robust start point for improving large-scale raceway reactors, a highly relevant issue because these are the most used reactors in large-scale microalgae production.</subfield>
   </datafield>
   <datafield ind2=" " ind1=" " tag="520">
      <subfield code="a">This work was forms part of the SABANA Project of the European Unions' Horizon 2020 - Research and Innovation Framework Programme (Grant Agreement 727,874) and the AL4BIO Project, funded by the Spanish Ministry of Science, Innovation and Universities (RTI2018–099495-A-C22). Thanks to the personnel from IFAPA research centre in Almeria for their support during this research.</subfield>
   </datafield>
   <datafield ind2=" " ind1=" " tag="520">
      <subfield code="a">Peer Reviewed</subfield>
   </datafield>
   <datafield ind2=" " ind1=" " tag="520">
      <subfield code="a">Postprint (author's final draft)</subfield>
   </datafield>
   <datafield tag="653" ind2=" " ind1=" ">
      <subfield code="a">Àrees temàtiques de la UPC::Enginyeria civil::Enginyeria hidràulica, marítima i sanitària::Enginyeria sanitària</subfield>
   </datafield>
   <datafield tag="653" ind2=" " ind1=" ">
      <subfield code="a">Àrees temàtiques de la UPC::Desenvolupament humà i sostenible::Enginyeria ambiental::Tractament de l'aigua</subfield>
   </datafield>
   <datafield tag="653" ind2=" " ind1=" ">
      <subfield code="a">Bioreactors--Fluid dynamics</subfield>
   </datafield>
   <datafield tag="653" ind2=" " ind1=" ">
      <subfield code="a">Photobioreactors</subfield>
   </datafield>
   <datafield tag="653" ind2=" " ind1=" ">
      <subfield code="a">Microalgae</subfield>
   </datafield>
   <datafield tag="653" ind2=" " ind1=" ">
      <subfield code="a">Computational Fluid Dynamics (CFD)</subfield>
   </datafield>
   <datafield tag="653" ind2=" " ind1=" ">
      <subfield code="a">COMSOL multiphysics™</subfield>
   </datafield>
   <datafield tag="653" ind2=" " ind1=" ">
      <subfield code="a">ANSYS-fluent</subfield>
   </datafield>
   <datafield tag="653" ind2=" " ind1=" ">
      <subfield code="a">Bioreactors -- Models matemàtics</subfield>
   </datafield>
   <datafield ind2="0" ind1="0" tag="245">
      <subfield code="a">Improvement of real-scale raceway bioreactors for microalgae production using Computational Fluid Dynamics (CFD)</subfield>
   </datafield>
</record></metadata></record></GetRecord></OAI-PMH>